Effect of intercropping chickpea with sunflower under different row and spacing arrangements / (Record no. 9162)

MARC details
000 -LEADER
fixed length control field 01136nam a22002777a 4500
001 - CONTROL NUMBER
control field BD-DhSAU 9162
003 - CONTROL NUMBER IDENTIFIER
control field BD-DhSAU
005 - DATE AND TIME OF LATEST TRANSACTION
control field 20181208112335.0
008 - FIXED-LENGTH DATA ELEMENTS--GENERAL INFORMATION
fixed length control field 150613b2009 bg a|||| m||| 00| 0 eng d
040 ## - CATALOGING SOURCE
Original cataloging agency BD-DhSAU
082 ## - DEWEY DECIMAL CLASSIFICATION NUMBER
Edition number 22
Classification number 630
Item number N186
100 ## - MAIN ENTRY--PERSONAL NAME
Personal name Nasrin, Shama
Relator term Registration # 04-01499
245 ## - TITLE STATEMENT
Title Effect of intercropping chickpea with sunflower under different row and spacing arrangements /
Remainder of title MS thesis
Statement of responsibility, etc. Shama Nasrin,
260 ## - PUBLICATION, DISTRIBUTION, ETC. (IMPRINT)
Place of publication, distribution, etc. Sher-e-Bangla Agricultural Uniersity :
Name of publisher, distributor, etc. Department of Agronomy
Date of publication, distribution, etc. 2009
300 ## - PHYSICAL DESCRIPTION
Extent xi 73p. :
Other physical details ill. ;
Dimensions 29 cm.
500 ## - GENERAL NOTE
General note MS thesis of Department of Agronomy , Faculty of Agriculture, Sher-e-Bangla Agricultural University, Dhaka, Bangladesh
504 ## - BIBLIOGRAPHY, ETC. NOTE
Bibliography, etc Includes bibliographical reference.
590 ## - Name of Cataloguer
Name of Cataloger erfat
650 ## - SUBJECT ADDED ENTRY--TOPICAL TERM
Topical term or geographic name as entry element Agronomy
650 ## - SUBJECT ADDED ENTRY--TOPICAL TERM
Topical term or geographic name as entry element Effect of intercropping chickpea with sunflower
650 ## - SUBJECT ADDED ENTRY--TOPICAL TERM
Topical term or geographic name as entry element under different row and spacing arrangements
700 ## - ADDED ENTRY--PERSONAL NAME
Personal name Ullah, Md Jafar
Relator term Superviser
700 ## - ADDED ENTRY--PERSONAL NAME
Relator term Co-superviser
Personal name Ali, Md Hazrat
856 ## - ELECTRONIC LOCATION AND ACCESS
Uniform Resource Identifier <a href="http://archive.saulibrary.edu.bd:8080/xmlui/handle/123456789/1465">http://archive.saulibrary.edu.bd:8080/xmlui/handle/123456789/1465</a>
942 ## - ADDED ENTRY ELEMENTS (KOHA)
Source of classification or shelving scheme Dewey Decimal Classification
Koha item type MS Level Thesis
Holdings
Withdrawn status Lost status Source of classification or shelving scheme Damaged status Not for loan Collection code Home library Branch Name Shelving location Date acquired Total Checkouts Full call number Barcode Date last seen Price effective from Koha item type
    Dewey Decimal Classification   Not For Loan Reference SAU Library SAU Library Reference 18/06/2015   630 N186 37124 18/06/2015 18/06/2015 MS Level Thesis